000 01239cam a2200325 i 4500
001 6901
003 Mx-PuUPA
005 20250404092924.0
008 140415s2000 mx ao gr 001 0 spa d
020 _a9701026721
040 _aMx-PuUPA
_bspa
_cMx-PuUPA
_dMx-PuUPA
_erda
041 1 _aspa
_heng
100 1 _aMeggs, Philip B.,
_eautor
240 1 2 _aA history of graphic design.
_lEspañol
245 1 0 _aHistoria del diseño gráfico /
_cPhilip B. Meggs ; traducción, Javier León Cárdenas
250 _aPrimera edición en español
260 _aMEXICO :
_bEDICIONES DE U.P.A.E.P.,
_c1992
264 _aMéxico, D.F. :
_bMcGraw Hill/Interamericana editores,
_c©2000
300 _a515 páginas :
_bilustraciones, fotografías ;
_c27 cm
336 _2rdacontent
_atexto
_btxt
337 _2rdamedia
_asin medio
_bn
338 _2rdacarrier
_avolumen
_bnc
650 7 _2amarc
_aDiseño Gráfico
_xHistoria
650 7 _2armarc
_aImprenta
_xHistoria
700 1 _aLeón Cárdenas, Javier,
_etraductor
765 1 _aMeggs, Philip B.
_tA history of graphic design
_bThird English edition
_dJohn Wiley & Sons, ©1998
_z0471291986
942 _2ddc
_cLI
_h686.209
_iM4618
999 _c6901
_d6901